Engineering design
Saved in:
| Main Author: | |
|---|---|
| Format: | Book |
| Language: | English |
| Published: |
McGraw-Hill Education
2021
|
| Tags: |
Add Tag
No Tags, Be the first to tag this record!
|
MARC
| LEADER | 00000nam a22000007a 4500 | ||
|---|---|---|---|
| 008 | 240610b |||||||| |||| 00| 0 eng d | ||
| 020 | |a 978160575279 | ||
| 100 | |a DIETER, George E. | ||
| 245 | |a Engineering design |c /George E. Dieter |g xiii, 596p;lll | ||
| 260 | |b McGraw-Hill Education |c 2021 |h New York |i 701695 |i 701696 |i 701697 |l TA174.D56 |m Engineering design | ||
| 500 | |a Includes bibliographical references and index. | ||
| 942 | |a lcc |c BK |e Johnson |f 10/06/24 | ||
| 952 | |0 0 |1 0 |2 lcc |4 0 |6 TA0174 D56 |7 0 |9 5260 |a TL |b HOL |c QZ |d 2024-06-10 |l 0 |o TA174.D56 |p 2024-0505 |r 2024-06-10 00:00:00 |t 701695 |w 2024-06-10 |y BK | ||
| 952 | |0 0 |1 0 |2 lcc |4 0 |6 TA0174 D56 |7 0 |9 5261 |a HOL |b HOL |c QZ |d 2024-06-10 |l 0 |o TA174.D56 |p 2024-0506 |r 2024-06-10 00:00:00 |t 701696 |w 2024-06-10 |y BK | ||
| 952 | |0 0 |1 0 |2 lcc |4 0 |6 TA0174 D56 |7 0 |9 5262 |a HOL |b HOL |c QZ |d 2024-06-10 |l 0 |o TA174.D56 |p 2024-0507 |r 2024-06-10 00:00:00 |t 701697 |w 2024-06-10 |y BK | ||
| 999 | |c 2608 |d 2608 | ||